[Event "Omsk-ch"]
[Site "Omsk"]
[Date "2012.03.22"]
[Round "6"]
[White "Lunga, Oleg"]
[Black "Toder, Alexander"]
[Result "0-1"]
[WhiteElo "1709"]
[BlackElo "2072"]
[PlyCount "20"]
[EventDate "2012.03.15"]
[EventType "swiss"]
[EventRounds "9"]
[EventCountry "RUS"]
[SourceTitle "EXT 2013"]
[Source "ChessBase"]
[SourceDate "2012.11.22"]
[SourceVersion "1"]
[SourceVersionDate "2012.11.22"]
[SourceQuality "1"]

1. e4 c5 2. Nf3 e6 3. d4 cxd4 4. Nxd4 a6 5. c4 Nf6 6. e5 Qa5+ 7. Nc3 Qxe5+ 8. Be3 Qc7 9. Bd3 b6 10. 0-0 Be7 0-1

[Event "Omsk-ch"]
[Site "Omsk"]
[Date "2012.03.17"]
[Round "2"]
[White "Toder, Alexander"]
[Black "Usatchev, Sergei"]
[Result "1/2-1/2"]
[WhiteElo "2072"]
[BlackElo "1849"]
[PlyCount "69"]
[EventDate "2012.03.15"]
[EventType "swiss"]
[EventRounds "9"]
[EventCountry "RUS"]
[SourceTitle "EXT 2013"]
[Source "ChessBase"]
[SourceDate "2012.11.22"]
[SourceVersion "1"]
[SourceVersionDate "2012.11.22"]
[SourceQuality "1"]

1. c4 Nf6 2. Nc3 d5 3. cxd5 Nxd5 4. g3 e5 5. Bg2 Nxc3 6. bxc3 Bd6 7. Rb1 c6 8. Nf3 0-0 9. 0-0 Nd7 10. d4 h6 11. Nd2 Nb6 12. Ne4 exd4 13. Nxd6 Qxd6 14. cxd4 Rd8 15. Bb2 Nc4 16. Bc3 b5 17. Rxb5 cxb5 18. Bxa8 Bh3 19. Bg2 Bxg2 20. Kxg2 b4 21. Ba1 Qd5+ 22. Kg1 a5 23. Qb3 Qb5 24. a4 Qa6 25. Rc1 Nb6 26. Rc2 Rc8 27. e4 Rxc2 28. Qxc2 Qc4 29. Qd1 b3 30. d5 Nxa4 31. d6 Nc5 32. Bd4 Ne6 33. d7 Qb5 34. Bb2 Qb6 35. Bc1 1/2-1/2

[Event "St Petersburg Blockade op"]
[Site "St Petersburg"]
[Date "2012.01.11"]
[Round "9"]
[White "Toder, Alexander"]
[Black "Belenkaya, Dina"]
[Result "1/2-1/2"]
[WhiteElo "2072"]
[BlackElo "2208"]
[PlyCount "73"]
[EventDate "2012.01.03"]
[EventType "swiss"]
[EventRounds "9"]
[EventCountry "RUS"]
[SourceTitle "EXT 2014"]
[Source "ChessBase"]
[SourceDate "2013.11.20"]
[SourceVersion "1"]
[SourceVersionDate "2013.11.20"]
[SourceQuality "1"]

1. c4 e5 2. Nc3 Nf6 3. g3 d5 4. cxd5 Nxd5 5. Bg2 Nb6 6. Nf3 Nc6 7. 0-0 Be7 8. a3 0-0 9. b4 Be6 10. Rb1 a6 11. d3 f5 12. Nd2 Bf6 13. Bb2 Nd5 14. Na4 Bf7 15. Nc5 b6 16. Na4 Rc8 17. Rc1 Qd7 18. Nc3 Nd4 19. Nxd5 Bxd5 20. Bxd5+ Qxd5 21. Bxd4 exd4 22. Qb3 c6 23. Rc2 Rfe8 24. Rfc1 Qxb3 25. Nxb3 Re6 26. Kf1 Kf7 27. Rc4 Rd6 28. a4 Ke7 29. a5 bxa5 30. bxa5 Ke8 31. Rb4 Rd5 32. Rc5 Rxc5 33. Nxc5 Be7 34. Rc4 Bxc5 35. Rxc5 g6 36. Rc2 c5 37. Kg2 1/2-1/2

[Event "St Petersburg Blockade op"]
[Site "St Petersburg"]
[Date "2012.01.09"]
[Round "7"]
[White "Churkin, Vitaly"]
[Black "Toder, Alexander"]
[Result "1/2-1/2"]
[WhiteElo "2330"]
[BlackElo "2072"]
[PlyCount "83"]
[EventDate "2012.01.03"]
[EventType "swiss"]
[EventRounds "9"]
[EventCountry "RUS"]
[SourceTitle "EXT 2014"]
[Source "ChessBase"]
[SourceDate "2013.11.20"]
[SourceVersion "1"]
[SourceVersionDate "2013.11.20"]
[SourceQuality "1"]

1. c4 Nf6 2. Nc3 g6 3. g3 Bg7 4. Bg2 0-0 5. e4 d6 6. Nge2 e5 7. 0-0 Re8 8. d3 Nc6 9. h3 h5 10. Bg5 Ne7 11. d4 Nh7 12. Be3 h4 13. g4 c6 14. f4 f5 15. dxe5 dxe5 16. Qxd8 Rxd8 17. Bc5 Re8 18. gxf5 gxf5 19. fxe5 Bxe5 20. Bd4 Bf6 21. Rad1 Kf7 22. Bxf6 Nxf6 23. Nd4 Kg6 24. Rf4 Kg5 25. Rdf1 Nh5 26. Rxh4 Ng6 27. Rxh5+ Kxh5 28. exf5 Ne5 29. Ne4 Kh6 30. Nd6 Rg8 31. Re1 Nd3 32. Re4 Bd7 33. Ne6 Bxe6 34. fxe6 Nc5 35. Re5 Nd3 36. Re4 Rg6 37. Nf5+ Kg5 38. Nd6 Nf4 39. Nf7+ Kf5 40. Nd6+ Kg5 41. Nf7+ Kf5 42. Nd6+ 1/2-1/2

[Event "St Petersburg Blockade op"]
[Site "St Petersburg"]
[Date "2012.01.06"]
[Round "4"]
[White "Toder, Alexander"]
[Black "Gusev, Boris"]
[Result "1-0"]
[WhiteElo "2072"]
[BlackElo "1715"]
[PlyCount "63"]
[EventDate "2012.01.03"]
[EventType "swiss"]
[EventRounds "9"]
[EventCountry "RUS"]
[SourceTitle "EXT 2014"]
[Source "ChessBase"]
[SourceDate "2013.11.20"]
[SourceVersion "1"]
[SourceVersionDate "2013.11.20"]
[SourceQuality "1"]

1. e4 d6 2. d4 Nf6 3. Nc3 g6 4. f4 Bg4 5. Nf3 c6 6. Be2 Bg7 7. Be3 0-0 8. 0-0 Nbd7 9. e5 Nd5 10. Nxd5 cxd5 11. h3 Bf5 12. g4 Be4 13. Ng5 Qb6 14. Qd2 f5 15. c4 dxe5 16. dxe5 Qc6 17. Nxe4 dxe4 18. Qd5+ e6 19. Qxc6 bxc6 20. gxf5 gxf5 21. Rfd1 Rf7 22. Rd6 Kh8 23. Rxe6 Rg8 24. Kh2 Nf8 25. Rxc6 Ng6 26. Re6 Nh4 27. Rg1 Nf3+ 28. Bxf3 exf3 29. Rg3 Rb7 30. b3 a5 31. Rb6 Rf7 32. Rxf3 1-0

[Event "St Petersburg Blockade op"]
[Site "St Petersburg"]
[Date "2012.01.05"]
[Round "3"]
[White "Zavgorodniaya, Alena"]
[Black "Toder, Alexander"]
[Result "1-0"]
[WhiteElo "1873"]
[BlackElo "2072"]
[PlyCount "55"]
[EventDate "2012.01.03"]
[EventType "swiss"]
[EventRounds "9"]
[EventCountry "RUS"]
[SourceTitle "EXT 2014"]
[Source "ChessBase"]
[SourceDate "2013.11.20"]
[SourceVersion "1"]
[SourceVersionDate "2013.11.20"]
[SourceQuality "1"]

1. e4 c5 2. Nf3 e6 3. c3 d5 4. exd5 Qxd5 5. d4 Nc6 6. Na3 cxd4 7. Nb5 Qe4+ 8. Be2 Rb8 9. 0-0 a6 10. Nc7+ Kd8 11. Bd3 Qg4 12. h3 Qh5 13. Bf4 Nf6 14. Be2 Qa5 15. Nxd4 Nd7 16. b4 Qb6 17. Ndxe6+ fxe6 18. Nxe6+ Ke7 19. Qd6+ Kf7 20. Ng5+ Ke8 21. Qe6+ Ne7 22. Qf7+ Kd8 23. Ne6+ Qxe6 24. Qxe6 Ra8 25. Rad1 Ke8 26. Bc4 b5 27. Bb3 h6 28. Bc7 1-0

[Event "Omsk Rating"]
[Site "Omsk"]
[Date "2011.12.02"]
[Round "1"]
[White "Tipikin, Ivan"]
[Black "Toder, Alexander"]
[Result "0-1"]
[WhiteElo "1772"]
[BlackElo "2081"]
[PlyCount "104"]
[EventDate "2011.12.02"]
[EventType "swiss"]
[EventRounds "9"]
[EventCountry "RUS"]
[SourceTitle "EXT 2022"]
[Source "ChessBase"]
[SourceDate "2021.10.06"]
[SourceVersion "1"]
[SourceVersionDate "2021.10.06"]
[SourceQuality "1"]

1. d4 Nf6 2. c4 g6 3. Nc3 d5 4. cxd5 Nxd5 5. e4 Nxc3 6. bxc3 Bg7 7. Be3 0-0 8. Nf3 c5 9. Be2 Qa5 10. Qd2 Rd8 11. h3 cxd4 12. cxd4 Qxd2+ 13. Kxd2 Nc6 14. Kc3 Be6 15. Rhd1 Rac8 16. Kb2 Nb4 17. Bd3 Rc6 18. a3 Nxd3+ 19. Rxd3 Rb6+ 20. Kc1 Rc8+ 21. Kd1 Bb3+ 22. Ke1 Bc2 23. Rc1 Rb1 24. Rxb1 Bxb1 25. Rb3 Bxe4 26. Ke2 e6 27. Ne1 Bf8 28. a4 Rc4 29. a5 Ra4 30. Rc3 Rxa5 31. Rc8 Kg7 32. Bf4 Be7 33. Ke3 Bd5 34. g4 Bf6 35. g5 Bxd4+ 36. Kxd4 Ra4+ 37. Ke5 Re4+ 38. Kd6 Rxf4 39. Nd3 Rd4 40. Ne5 Rf4 41. Ng4 Rc4 42. Rd8 Bf3 43. Ne5 Rd4+ 44. Ke7 Rxd8 45. Kxd8 Bg2 46. h4 f6 47. Nd7 fxg5 48. hxg5 Bc6 49. Nc5 Kf7 50. Nd3 e5 51. Nxe5+ Ke6 52. Nd3 Kf5 0-1

[Event "Omsk-ch"]
[Site "Omsk"]
[Date "2011.11.18"]
[Round "4"]
[White "Toder, Alexander"]
[Black "Tastanov, Azamat"]
[Result "1-0"]
[WhiteElo "2067"]
[BlackElo "1617"]
[PlyCount "26"]
[EventDate "2011.11.13"]
[EventType "swiss"]
[EventRounds "9"]
[EventCountry "RUS"]
[SourceTitle "EXT 2013"]
[Source "ChessBase"]
[SourceDate "2012.11.22"]
[SourceVersion "1"]
[SourceVersionDate "2012.11.22"]
[SourceQuality "1"]

1. e4 c6 2. d4 d5 3. Nc3 e6 4. Nf3 Bb4 5. e5 Ne7 6. a3 Bxc3+ 7. bxc3 c5 8. Be2 Nd7 9. 0-0 h6 10. Rb1 cxd4 11. cxd4 Nb6 12. Ne1 Nf5 13. Qd3 Bd7 1-0

[Event "Omsk-ch"]
[Site "Omsk"]
[Date "2011.11.15"]
[Round "2"]
[White "Toder, Alexander"]
[Black "Dergatchov, Alexander"]
[Result "0-1"]
[WhiteElo "2067"]
[BlackElo "2009"]
[PlyCount "56"]
[EventDate "2011.11.13"]
[EventType "swiss"]
[EventRounds "9"]
[EventCountry "RUS"]
[SourceTitle "EXT 2013"]
[Source "ChessBase"]
[SourceDate "2012.11.22"]
[SourceVersion "1"]
[SourceVersionDate "2012.11.22"]
[SourceQuality "1"]

1. e4 g6 2. d4 Bg7 3. c3 d6 4. f4 e5 5. Nf3 exf4 6. Bxf4 Nf6 7. Bd3 0-0 8. 0-0 c5 9. Nbd2 cxd4 10. cxd4 d5 11. e5 Nh5 12. Be3 Nc6 13. Ng5 Bh6 14. h4 Ng3 15. Rf2 Nf5 16. Bxf5 Bxf5 17. Rxf5 gxf5 18. Qh5 Bxg5 19. hxg5 f4 20. Bxf4 Nxd4 21. Kf2 Nc2 22. Rh1 Qb6+ 23. Kg3 Qg6 24. Qf3 Nd4 25. Qxd5 Ne2+ 26. Kg4 Nxf4 27. Kxf4 Rad8 28. Qa5 Rd4+ 0-1

[Event "Omsk-ch"]
[Site "Omsk"]
[Date "2011.11.13"]
[Round "1"]
[White "Tipikin, Ivan"]
[Black "Toder, Alexander"]
[Result "1/2-1/2"]
[WhiteElo "1870"]
[BlackElo "2067"]
[PlyCount "107"]
[EventDate "2011.11.13"]
[EventType "swiss"]
[EventRounds "9"]
[EventCountry "RUS"]
[SourceTitle "EXT 2013"]
[Source "ChessBase"]
[SourceDate "2012.11.22"]
[SourceVersion "1"]
[SourceVersionDate "2012.11.22"]
[SourceQuality "1"]

1. e4 c5 2. Nf3 e6 3. d4 cxd4 4. Nxd4 a6 5. c4 Nf6 6. Bd3 Bc5 7. Nb3 Ba7 8. Nc3 d6 9. Qe2 Nc6 10. Be3 0-0 11. Bxa7 Rxa7 12. 0-0 b6 13. f4 Rd7 14. Rad1 Bb7 15. Qe3 d5 16. cxd5 exd5 17. Nxd5 Nxd5 18. exd5 Ne7 19. Qh3 h6 20. Be4 Bxd5 21. Bxd5 Rxd5 22. Qf3 Qd6 23. Rxd5 Qxd5 24. Qxd5 Nxd5 25. g3 Nb4 26. Nc1 Rd8 27. a3 Nc6 28. Kg2 Na5 29. Rf3 Nc4 30. Nd3 Kf8 31. Kf2 Nxb2 32. Nxb2 Rd2+ 33. Ke1 Rxb2 34. h3 Ke7 35. Rd3 Rh2 36. g4 b5 37. Kf1 Ke6 38. Kg1 Ra2 39. h4 h5 40. gxh5 Re2 41. Rg3 Kf6 42. Rd3 Ke7 43. Rg3 Kf8 44. Kf1 Rh2 45. Rg4 Rh3 46. a4 bxa4 47. Kg2 Ra3 48. f5 Ra2+ 49. Kg3 a5 50. f6 g6 51. hxg6 fxg6 52. Rxg6 a3 53. Rg5 Kf7 54. Rxa5 1/2-1/2

[Event "Moscow op-E"]
[Site "Moscow"]
[Date "2011.02.03"]
[Round "6.180"]
[White "Toder, Alexander"]
[Black "Orekhov, Nikolai"]
[Result "1-0"]
[WhiteElo "2067"]
[BlackElo "1921"]
[PlyCount "141"]
[EventDate "2011.01.29"]
[EventType "swiss"]
[EventRounds "9"]
[EventCountry "RUS"]
[SourceTitle "EXT 2022"]
[Source "ChessBase"]
[SourceDate "2021.10.06"]
[SourceVersion "1"]
[SourceVersionDate "2021.10.06"]
[SourceQuality "1"]

1. e4 e6 2. d3 d5 3. Nd2 Nf6 4. g3 g6 5. Bg2 Bg7 6. Ngf3 0-0 7. 0-0 c5 8. Re1 Nc6 9. c3 b6 10. h3 Ba6 11. Qa4 Bb7 12. e5 Nd7 13. d4 a6 14. Nf1 h6 15. Bf4 b5 16. Qd1 b4 17. Qd2 Kh7 18. N1h2 Qa5 19. Bf1 bxc3 20. bxc3 cxd4 21. cxd4 Qxd2 22. Bxd2 Rfc8 23. Rab1 Nd8 24. Bd3 Bc6 25. Rec1 a5 26. Ng4 h5 27. Ne3 Bf8 28. Ng5+ Kg7 29. g4 Be7 30. f4 hxg4 31. hxg4 Bb4 32. Rc2 Rcb8 33. f5 Ba4 34. Rcb2 Bxd2 35. Rxd2 Rxb1+ 36. Bxb1 Rb8 37. Bd3 Nf8 38. f6+ Kg8 39. Nf3 Nc6 40. Kf2 Nd7 41. g5 Rb4 42. Bf1 Rb1 43. Bh3 Nb6 44. Nh4 Nd8 45. Nhg2 Kf8 46. Nf4 Bb5 47. Neg2 Nc4 48. Rc2 Ba4 49. Re2 Bd1 50. Re1 Rb2+ 51. Kg3 Bc2 52. Ra1 Be4 53. Bg4 a4 54. Ne2 Nc6 55. Ngf4 a3 56. Nc3 Nxd4 57. Nxe4 dxe4 58. Rd1 Rd2 59. Rxd2 Nxd2 60. Ne2 Nf5+ 61. Kf4 Ke8 62. Nc3 Nc4 63. Kxe4 Kd7 64. Bd1 Nb2 65. Bb3 Ng3+ 66. Kd4 Nf1 67. Nb5 Nd2 68. Nxa3 Nxb3+ 69. axb3 Nd1 70. Nc4 Nf2 71. Nd6 1-0

[Event "Moscow op-E"]
[Site "Moscow"]
[Date "2011.01.29"]
[Round "1"]
[White "Matlakov, Maxim"]
[Black "Toder, Alexander"]
[Result "1-0"]
[WhiteElo "2616"]
[BlackElo "2067"]
[PlyCount "55"]
[EventDate "2011.01.29"]
[EventType "swiss"]
[EventRounds "9"]
[EventCountry "RUS"]
[SourceTitle "CBM 140 Extra"]
[Source "ChessBase"]
[SourceDate "2011.03.01"]
[SourceVersion "1"]
[SourceVersionDate "2011.03.01"]
[SourceQuality "1"]

1. d4 Nf6 2. Nf3 g6 3. Nbd2 d5 4. e3 Bg7 5. b4 0-0 6. Be2 Bg4 7. 0-0 Nbd7 8. c4 Re8 9. Bb2 e6 10. h3 Bxf3 11. Nxf3 Ne4 12. Qb3 Ndf6 13. Rac1 Nd6 14. cxd5 exd5 15. b5 Re6 16. Rc2 h6 17. Rfc1 Nde8 18. Ne5 Ne4 19. Bf3 f5 20. Bxe4 fxe4 21. Rc5 Rd6 22. Nxg6 Qg5 23. Rxd5 Rxd5 24. Qxd5+ Qxd5 25. Ne7+ Kf7 26. Nxd5 Rc8 27. f3 exf3 28. gxf3 1-0

[Event "Omsk CC-ch sf"]
[Site "Omsk"]
[Date "2010.08.15"]
[Round "9"]
[White "Borisov, Sergey M"]
[Black "Toder, Alexander"]
[Result "1-0"]
[WhiteElo "2038"]
[BlackElo "2001"]
[PlyCount "63"]
[EventDate "2010.08.01"]
[EventType "swiss"]
[EventRounds "9"]
[EventCountry "RUS"]
[SourceTitle "EXT 2012"]
[Source "ChessBase"]
[SourceDate "2011.11.24"]
[SourceVersion "1"]
[SourceVersionDate "2011.11.24"]
[SourceQuality "1"]

1. d4 Nf6 2. Nf3 g6 3. Bg5 Ne4 4. Bh4 Bg7 5. Nbd2 d5 6. e3 c5 7. c3 Bf5 8. Nxe4 dxe4 9. Nd2 0-0 10. Bc4 Nc6 11. 0-0 h6 12. f3 exf3 13. Qxf3 cxd4 14. exd4 Qb6 15. Bb3 Ne5 16. Qg3 Rfe8 17. Kh1 Rad8 18. Rfe1 Nc6 19. Nc4 Qb5 20. Ne3 e6 21. Nxf5 exf5 22. Bxd8 Rxd8 23. Qc7 Rf8 24. Re3 Bf6 25. Rae1 Bd8 26. Qd7 f4 27. Re8 Qf5 28. Qxf5 gxf5 29. Bd5 Bb6 30. Bxc6 bxc6 31. Rxf8+ Kxf8 32. Re5 1-0

[Event "Berdsk Maestro op 16th"]
[Site "Berdsk"]
[Date "2010.07.16"]
[Round "9"]
[White "Kozlov, Vadim1111"]
[Black "Toder, Alexander"]
[Result "0-1"]
[WhiteElo "2126"]
[BlackElo "2065"]
[PlyCount "80"]
[EventDate "2010.07.08"]
[EventType "swiss"]
[EventRounds "9"]
[EventCountry "RUS"]
[SourceTitle "EXT 2011"]
[Source "ChessBase"]
[SourceDate "2010.11.26"]
[SourceVersion "1"]
[SourceVersionDate "2010.11.26"]
[SourceQuality "1"]

1. e4 c5 2. Nf3 e6 3. d4 cxd4 4. c3 dxc3 5. Nxc3 d6 6. Bc4 Be7 7. Bf4 Nf6 8. Qe2 e5 9. Be3 a6 10. Rd1 Nbd7 11. Bxf7+ Kxf7 12. Ng5+ Ke8 13. Ne6 Qa5 14. Qc4 d5 15. exd5 Bd6 16. Nxg7+ Kf7 17. Nf5 Qc7 18. Qh4 Nf8 19. Nh6+ Kg7 20. Qg5+ Ng6 21. g4 Rf8 22. h4 Kh8 23. h5 Nf4 24. Bxf4 exf4 25. Qh4 Qe7+ 26. Kf1 Qg7 27. g5 Ng8 28. Ng4 Bf5 29. g6 h6 30. f3 Nf6 31. Rh2 Rae8 32. Re2 Rxe2 33. Nxe2 Bxg4 34. fxg4 Ne4 35. Nd4 Ng3+ 36. Kg2 Qe5 37. g5 f3+ 38. Kh3 Nf1 39. Ne6 Qh2+ 40. Kg4 Ne3# 0-1

[Event "Berdsk Maestro op 16th"]
[Site "Berdsk"]
[Date "2010.07.15"]
[Round "8"]
[White "Toder, Alexander"]
[Black "Romanova, Anastasia"]
[Result "1-0"]
[WhiteElo "2065"]
[BlackElo "1907"]
[PlyCount "101"]
[EventDate "2010.07.08"]
[EventType "swiss"]
[EventRounds "9"]
[EventCountry "RUS"]
[SourceTitle "EXT 2011"]
[Source "ChessBase"]
[SourceDate "2010.11.26"]
[SourceVersion "1"]
[SourceVersionDate "2010.11.26"]
[SourceQuality "1"]

1. e4 c5 2. Nf3 d6 3. d4 cxd4 4. Nxd4 Nf6 5. Nc3 g6 6. Be3 Bg7 7. f3 0-0 8. Qd2 Nc6 9. Bc4 Bd7 10. g4 Rc8 11. Bb3 Ne5 12. 0-0-0 Nc4 13. Bxc4 Rxc4 14. Kb1 h5 15. h3 Kh7 16. g5 Ne8 17. f4 a6 18. f5 b5 19. Nce2 e5 20. f6 Bxf6 21. gxf6 exd4 22. Bxd4 Qa8 23. Qf4 Qc8 24. Nc3 Be6 25. Nd5 Bxd5 26. exd5 b4 27. b3 Rxc2 28. Rc1 Rxc1+ 29. Rxc1 Qxh3 30. Ka1 Qg2 31. Rc8 Qxd5 32. Qe3 Qb5 33. Qe7 Kg8 34. Be3 Qf1+ 35. Kb2 Qxf6+ 36. Qxf6 Nxf6 37. Rc6 Ng4 38. Bd4 Nh6 39. Rxa6 Nf5 40. Bf6 h4 41. Rc6 h3 42. Rc2 Re8 43. a4 d5 44. Rh2 Re3 45. a5 Nd6 46. a6 Nb5 47. Rc2 Re8 48. Rh2 Re6 49. Bd8 Rxa6 50. Rxh3 Ra7 51. Bf6 1-0

[Event "Berdsk Maestro op 16th"]
[Site "Berdsk"]
[Date "2010.07.13"]
[Round "6"]
[White "Toder, Alexander"]
[Black "Egitov, Alexey"]
[Result "0-1"]
[WhiteElo "2065"]
[BlackElo "2021"]
[PlyCount "58"]
[EventDate "2010.07.08"]
[EventType "swiss"]
[EventRounds "9"]
[EventCountry "RUS"]
[SourceTitle "EXT 2011"]
[Source "ChessBase"]
[SourceDate "2010.11.26"]
[SourceVersion "1"]
[SourceVersionDate "2010.11.26"]
[SourceQuality "1"]

1. e4 c5 2. Nf3 d6 3. d4 cxd4 4. Nxd4 Nf6 5. Nc3 a6 6. Be2 e5 7. Nb3 Be7 8. 0-0 0-0 9. Kh1 Nbd7 10. a4 b6 11. Nd5 Nxd5 12. exd5 Bb7 13. c4 a5 14. f3 f5 15. Be3 Bg5 16. Bg1 Qf6 17. Nc1 Qh6 18. g3 Rae8 19. b4 axb4 20. Kg2 Nc5 21. Rb1 Bd2 22. f4 exf4 23. Bf3 fxg3 24. hxg3 Ba6 25. Bd4 Bxc4 26. Rh1 Qg5 27. Rh5 Qg6 28. Qxd2 f4 29. Rxb4 Qxg3+ 0-1

[Event "Berdsk Maestro op 16th"]
[Site "Berdsk"]
[Date "2010.07.09"]
[Round "2"]
[White "Toder, Alexander"]
[Black "Chigaev, Maksim"]
[Result "1/2-1/2"]
[WhiteElo "2065"]
[BlackElo "2223"]
[PlyCount "38"]
[EventDate "2010.07.08"]
[EventType "swiss"]
[EventRounds "9"]
[EventCountry "RUS"]
[SourceTitle "EXT 2011"]
[Source "ChessBase"]
[SourceDate "2010.11.26"]
[SourceVersion "1"]
[SourceVersionDate "2010.11.26"]
[SourceQuality "1"]

1. e4 c6 2. d4 d5 3. exd5 cxd5 4. c4 Nf6 5. Nc3 e6 6. Nf3 Be7 7. cxd5 Nxd5 8. Bd3 Nc6 9. 0-0 0-0 10. Re1 Bf6 11. Be4 Nce7 12. Ne5 Nc6 13. Bf3 Nce7 14. Be4 Nc6 15. Nf3 Nce7 16. Ne5 Nc6 17. Nf3 Nce7 18. Ne5 Nc6 19. Nf3 Nce7 1/2-1/2

[Event "Omsk-ch"]
[Site "Omsk"]
[Date "2010.03.10"]
[Round "11"]
[White "Artemiev, Vladislav"]
[Black "Toder, Alexander"]
[Result "1/2-1/2"]
[WhiteElo "2229"]
[BlackElo "2001"]
[PlyCount "64"]
[EventDate "2010.02.20"]
[EventType "swiss"]
[EventRounds "11"]
[EventCountry "RUS"]
[SourceTitle "CBM 135 Extra"]
[Source "ChessBase"]
[SourceDate "2010.05.04"]
[SourceVersion "1"]
[SourceVersionDate "2010.05.04"]
[SourceQuality "1"]

1. e4 c5 2. Nf3 e6 3. d4 cxd4 4. Nxd4 a6 5. Bd3 b5 6. 0-0 Bb7 7. a4 b4 8. a5 Bc5 9. Nb3 Ba7 10. Qe2 d6 11. Be3 Bxe3 12. Qxe3 Nc6 13. N1d2 Nf6 14. Nc4 Qc7 15. Qb6 Qxb6 16. axb6 Ke7 17. f3 Rhb8 18. Ra4 Bc8 19. Rfa1 Nd7 20. Nba5 Nxa5 21. Nxa5 Rxb6 22. Rxb4 Rab8 23. c3 Nc5 24. Be2 Bd7 25. Rxb6 Rxb6 26. b4 Na4 27. Ra3 d5 28. exd5 exd5 29. Kf2 Bb5 30. c4 dxc4 31. Nxc4 Bxc4 32. Bxc4 Rxb4 1/2-1/2

[Event "Berdsk Maestro op 15th"]
[Site "Berdsk"]
[Date "2009.07.09"]
[Round "2"]
[White "Toder, Alexander"]
[Black "Glukhov, Mikhail"]
[Result "1/2-1/2"]
[WhiteElo "1968"]
[BlackElo "2205"]
[PlyCount "61"]
[EventDate "2009.07.08"]
[EventType "swiss"]
[EventRounds "9"]
[EventCountry "RUS"]
[SourceTitle "EXT 2022"]
[Source "ChessBase"]
[SourceDate "2021.10.06"]
[SourceVersion "1"]
[SourceVersionDate "2021.10.06"]
[SourceQuality "1"]

1. e4 e5 2. Nf3 Nc6 3. Bc4 Bc5 4. 0-0 d6 5. c3 Bg4 6. d3 Nf6 7. Re1 Qe7 8. Nbd2 Bb6 9. a4 a5 10. Bb3 h6 11. Nc4 Nd7 12. Nxb6 Nxb6 13. Be3 Qf6 14. Qe2 Nc8 15. Rad1 N8e7 16. h3 Bxf3 17. Qxf3 Qxf3 18. gxf3 f5 19. d4 Ng6 20. Kg2 Nce7 21. dxe5 dxe5 22. Bc1 Nh4+ 23. Kg3 Ra6 24. Rd3 Rd6 25. Rxd6 cxd6 26. Rd1 Kd7 27. Bf7 Nxf3 28. Be3 Rf8 29. Bh5 Nh4 30. Bb6 Ra8 31. Bc5 1/2-1/2

[Event "Berdsk Maestro op 15th"]
[Site "Berdsk"]
[Date "2009.07.08"]
[Round "1"]
[White "Sosnin, Mikhail"]
[Black "Toder, Alexander"]
[Result "0-1"]
[WhiteElo "2197"]
[BlackElo "1968"]
[PlyCount "96"]
[EventDate "2009.07.08"]
[EventType "swiss"]
[EventRounds "9"]
[EventCountry "RUS"]
[SourceTitle "EXT 2022"]
[Source "ChessBase"]
[SourceDate "2021.10.06"]
[SourceVersion "1"]
[SourceVersionDate "2021.10.06"]
[SourceQuality "1"]

1. e4 c6 2. d4 d5 3. e5 Bf5 4. h4 h6 5. Ne2 e6 6. Ng3 Bh7 7. c3 Nd7 8. Qg4 Qc7 9. Nh5 0-0-0 10. Nxg7 Ngf6 11. exf6 Nxf6 12. Qf3 Bxg7 13. Bf4 Qb6 14. b4 Nd7 15. a4 Rde8 16. a5 Qd8 17. Be2 e5 18. Be3 exd4 19. cxd4 Be4 20. Qh3 Rhg8 21. Rg1 Qe7 22. b5 c5 23. Nd2 cxd4 24. Rc1+ Kb8 25. Bf4+ Be5 26. Qh2 Qd6 27. Bxe5 Nxe5 28. Kf1 Qa3 29. Rd1 d3 30. Bh5 Ka8 31. a6 bxa6 32. Qf4 Qa4 33. Qe3 Nc4 34. Qxh6 Re6 35. Qf4 Rge8 36. bxa6 Bg6 37. Rb1 Qa2 38. g3 Nxd2+ 39. Kg2 Nxb1 40. Qd4 Bxh5 41. Rxb1 Qxb1 42. Qxd5+ Kb8 43. Qxh5 d2 44. Qxf7 d1Q 45. Qf4+ Qd6 46. Qf7 Qd5+ 47. Kh3 Qbh1+ 48. Kg4 Re4+ 0-1